India tax manual.
| Other Authors: | |
|---|---|
| Format: | Book |
| Published: |
Hong Kong:
Asia Law & Practice,
1996.
|
| Subjects: |
| LEADER | 00445cam a2200169 7i4500 | ||
|---|---|---|---|
| 001 | 0000005450 | ||
| 005 | 19991025090000.0 | ||
| 002 | ##000007083 | ||
| 020 | 0 | 0 | |a 962-7708-79-8 |
| 090 | 0 | 0 | |a INDA 336.2 |b IND |
| 245 | 0 | 0 | |a India tax manual. |
| 260 | 0 | 0 | |a Hong Kong: |b Asia Law & Practice, |c 1996. |
| 300 | 0 | 0 | |a 303 p.. |
| 650 | 0 | 0 | |a Taxation -- |z India |
| 651 | 0 | 0 | |a India |
| 700 | 3 | 1 | |a O.,P. Vaish |
| 999 | |a 0000008318 |b Book |c Open shelf |e Business Information Centre | ||


